000
00299 a2200145 4500
001
194884
040
_c
Magnum
100
_a
Canton, Katia
240
1
0
_a
Nino quer um amigo
_l
por
245
1
0
_a
Nino quer um amigo
300
_a
10
362
0
_a
2007
697
_a
LITERATURA INFANTIL
942
_c
BK
999
_c
194884
_d
194884